000 00887nam a2200265 i 4500
001 bg
100 1 _aMIŁOSZ, Tadeusz
245 1 0 _aZespoły młócąco-wydzielające i czyszczące w kombajnach do zbioru zbóż /
_cTadeusz Miłosz ; Instytut Budownictwa, Mechanizacji i Elektryfikacji Rolnictwa.
260 _aWarszawa :
_bIBMiER,
_c2000.
300 _a110 s. :
_bil. ;
_c25 cm.
500 _aStreszcz. ang.
504 _aBibliogr.
650 9 _aKombajny rolnicze
_xbudowa
_xbadanie
650 9 _aKombajny rolnicze
_xeksploatacja
650 9 _aŻniwa
_xnarzędzia i maszyny
_xbadanie
655 _aPodręczniki
710 0 _aInstytut Budownictwa, Mechanizacji i Elektryfikacji Rolnictwa
020 _a8386264675
040 _cBPK
041 0 _apl
_ben
080 _a631.35:633.1](07)
920 _a83-86264-67-5
942 _cKS
008 s pl f |000 0 pol
999 _c38226
_d38226
856 _uhttp://koha.tu.koszalin.pl/cgi-bin/koha/opac-detail.pl?biblionumber=38226
_yKatalog online BPK